[Event "BEL-chT 1011"]
[Site "Belgium"]
[Date "2010.12.05"]
[Round "5.8"]
[White "Veltkamp, Gerben"]
[Black "Shama, Jalil"]
[Result "1-0"]
[WhiteElo "2191"]
[BlackElo "1499"]
[PlyCount "63"]
[EventDate "2010.09.26"]
[EventType "team-tourn"]
[EventRounds "11"]
[EventCountry "BEL"]
[SourceTitle "EXT 2012"]
[Source "ChessBase"]
[SourceDate "2011.11.24"]
[SourceVersion "1"]
[SourceVersionDate "2011.11.24"]
[SourceQuality "1"]
[WhiteTeam "Borgerhout"]
[BlackTeam "Liege Crelel"]
[WhiteTeamCountry "BEL"]
[BlackTeamCountry "BEL"]

1. d4 e6 2. c4 b6 3. e4 Bb7 4. Qc2 Nf6 5. Nc3 Bb4 6. Bd3 Nc6 7. Nf3 Be7 8. a3 d6 9. 0-0 e5 10. d5 Nb8 11. b4 Nbd7 12. Bb2 c6 13. dxc6 Bxc6 14. Rac1 Nh5 15. Rfd1 Nf4 16. Bf1 Nf6 17. Nxe5 Bb7 18. c5 0-0 19. c6 Bc8 20. Nb5 a6 21. c7 Qe8 22. Nxd6 Bxd6 23. Rxd6 Bb7 24. Rxf6 gxf6 25. Ng4 Nh5 26. Bxf6 Nxf6 27. Nxf6+ Kg7 28. Nxe8+ Raxe8 29. f3 Rg8 30. Rd1 Re7 31. Qc3+ f6 32. Rd8 1-0